000 00838nam a2200181Ia 4500
008 090630s9999 xx 000 0 und d
082 _b14981
100 _aडॉ. सुपे सो. वि. / कुबडे.
245 _aनवाचाराचे संदेशवहन.
_cडॉ. सुपे सो. वि. / कुबडे.
260 _bमहाराष्ट्र विद्यापीठ ग्रंथनिर्मिती मंडळ - नागपूर.
_c1978
300 _a53
600 _aडॉ. सुपे सो. वि. / कुबडे.
630 _aनवाचाराचे संदेशवहन.
655 _aइतर.
700 _aडॉ. सुपे सो. वि. / कुबडे.
730 _aनवाचाराचे संदेशवहन.
942 _cBOOK
999 _c266837
_d266837